Simulácia možností SVAR modelu v programe EViews

Škála ekonomických modelov, medzi ktoré patria aj vektorovo autoregresné modely. Vektorovo autoregresné (VAR) modely našli uplatnenie v mnohých oblastiach ekonomickej analýzy. Možnosti simulácie jednoduchého štruktúrneho vektorovo autoregresného modelu.

Gespeichert in:
Bibliographische Detailangaben
1. Verfasser: Lukáčik, Martin, 1974-
Weitere Verfasser: Szomolányi, Karol, 1976-
Format: Buchkapitel
Sprache:Slowakisch
Schlagworte:
Tags: Tag hinzufügen
Keine Tags, Fügen Sie das erste Tag hinzu!

MARC

LEADER 00000nla a2200000 4500
001 0203915
005 20240502073415.8
041 0 |a slo 
044 |a SK 
245 1 0 |a Simulácia možností SVAR modelu v programe EViews  |c Martin Lukáčik, Karol Szomolányi 
520 |a Škála ekonomických modelov, medzi ktoré patria aj vektorovo autoregresné modely. Vektorovo autoregresné (VAR) modely našli uplatnenie v mnohých oblastiach ekonomickej analýzy. Možnosti simulácie jednoduchého štruktúrneho vektorovo autoregresného modelu. 
610 2 0 |a modely autoregresné 
610 2 0 |a modely makroekonomické 
610 2 0 |a modely analytické ekonometrické 
610 2 0 |a analýza štruktúrna 
610 2 0 |a simulácia 
100 1 |a Lukáčik, Martin, 1974- 
700 1 |a Szomolányi, Karol, 1976-